| 000 | 00634nam a2200205 a 4500 | ||
|---|---|---|---|
| 003 | BD-DhJNU | ||
| 005 | 20250727065312.0 | ||
| 008 | 231109s2009 bg a|||g b||| 001 0|eng d | ||
| 020 | _a9843000018405 | ||
| 040 |
_aBD-DhJNU _bENG _cBD-DhJNU _dBD-DhJNU |
||
| 082 | 0 | 0 |
_a954.90 BAS _223 |
| 100 | 1 | _aBarnik, M. A. | |
| 245 | 0 | 2 |
_aA short history of language movement / _cM. A. Barnik |
| 260 |
_aDhaka : _bBhashandolan Museum Charulilpi Prakashan, _cc2009. |
||
| 300 |
_a168 p. : _bill. ; _c22 cm. |
||
| 526 | _aLanguage & Literature | ||
| 526 | _aHistory & Philosophy | ||
| 650 | 4 |
_aBangladesh _xLanguages _xPolitical aspects. |
|
| 942 | _cBK | ||
| 999 |
_c1946 _d1946 |
||